LEADER 01082nam0 2200277 450 001 000036412 005 20140619083531.0 100 $a20140417d1976----km-y0itaa50------ba 101 0 $aita 102 $aIT 200 1 $a<>antropologia filosofica di Marx$fDomenico Venturelli 210 $aFirenze$cLe Monnier$d1976 215 $a156 p.$d24 cm. 300 $aIn testa al front: Istituto di filosofia della Facoltà di lettere e filosofia dell'Università di Genova 600 1$aMarx,$bKarl$xAntropologia filosofica 676 $a335.401$v(22. ed.)$9Socialismo e sistemi affini. Filosofia 700 1$aVenturelli,$bDomenico$0223027 801 0$aIT$bUniversità della Basilicata - B.I.A.$gREICAT$2unimarc 912 $a000036412 996 $aAntropologia filosofica di Marx$9101708 997 $aUNIBAS BAS $aLETTERE CAT $aSTD099$b01$c20140417$lBAS01$h1106 CAT $aMDL$b30$c20140619$lBAS01$h0835 FMT Z30 -1$lBAS01$LBAS01$mBOOK$1BASA1$APolo Storico-Umanistico$2FCAN$BFondo Cantillo$3FC/112277$6112277$5L112277$820140417$f04$FPrestabile Didattica LEADER 00911nam a2200217 i 4500 001 991003648239707536 008 190520s2016 de 000 0 ger d 020 $a9783503170524 035 $ab14365820-39ule_inst 040 $aDip. di Studi Umanistici$bita 100 1 $aHoffmann, Ludger$0292612 245 10$aDeutsche Grammatik :$bGrundlagen fur Lehrerausbildung, Schule, Deutsch als Zweitsprache und Deutsch als Fremdsprache /$cvon Ludger Hoffmann 250 $a3., neu bearbeitete und erweiterte Auflage 264 1$a[Berlin] :$bErich Schmidt,$c2016 300 $a647 p. ;$c26 cm 907 $a.b14365820$b29-05-19$c20-05-19 912 $a991003648239707536 945 $aLE012 430 HOF 01.01$g1$i2007000296462$lle012$nLE.SU 2019 Hempel$op$pE29.80$q-$rl$s- $t0$u0$v0$w0$x0$y.i15889245$z20-05-19 996 $aDeutsche Grammatik$91554443 997 $aUNISALENTO 998 $ale012$b20-05-19$cm$da $e-$fger$gde $h0$i0